| 000 | 00853nam a2200217Ia 4500 | ||
|---|---|---|---|
| 001 | 2833 | ||
| 003 | GE_BSU | ||
| 008 | 181216s||||||||xx |||||||||||||| ||und|| | ||
| 020 | _a978994106001 | ||
| 040 | _cGE_BSU | ||
| 080 | _a338.436.33(075.8)+338.22:63(075.8) | ||
| 100 | _aს. თურმანიძე, და სხვ | ||
| 245 | _aაგრობიზნესი | ||
| 245 | _bდამხმ. სახელმძღვ.განკუთვნილია აგრ. უნ-ტის ყველა სპეც. სტუდენტებისათვის. ნ.1. | ||
| 245 | _cრედ. გ. ძაგნიძე | ||
| 260 | _aთბილისი | ||
| 260 | _c2009 | ||
| 300 | _a234 გვ.20 სმ. | ||
| 653 | _aაგრობიზნესის სახელმძღვანელოები | ||
| 942 | _cBK | ||
| 999 |
_c36883 _d36883 |
||